LEADER 01103nam0 22002771i 450 001 UON00197361 005 20231205103239.25 100 $a20030730f |0itac50 ba 101 $ager 102 $aDE 105 $a|||| ||||| 200 1 $aˆDer ‰Tor und der Tod$fvon Hugo von Hofmannsthal 210 $aLeipzig$cInsel, [s.d.] 215 $a31 p.$d19 cm. 316 $aDono Prof.ssa G. van Woudenberg.$5IT-UONSI TED24 IHOF/08 410 1$1001UON00173153$12001 $aInsel-Bücherei$1210 $aWiesbaden$cInsel.$vNr. 28 620 $aDE$dLeipzig$3UONL003218 676 $a838$cLetteratura tedesca. Scritti miscellanei$v21 700 1$aHOFMANNSTHAL$bHugo : von$3UONV016909$0319069 712 $aInsel$3UONV266506$4650 801 $aIT$bSOL$c20240220$gRICA 899 $aSIBA - SISTEMA BIBLIOTECARIO DI ATENEO$2UONSI 912 $aUON00197361 950 $aSIBA - SISTEMA BIBLIOTECARIO DI ATENEO$dSI TED 24 I HOF 08 $eSI LO 59916 5 08 Dono Prof.ssa G. van Woudenberg. 996 $aTor und der Tod$91254143 997 $aUNIOR